000
00326nam a22001337a 4500
008
170605b xxu||||| |||| 00| 0 eng d
020
_a
0814155014
041
_a
eng
080
_a
94
100
_a
18
101
_a
SHH
245
_a
TRADITION AND REFORM IN THE TEACHING OF ENGLISH: A HISTORY
_c
APPLEBEE,A.N
942
_2
udc
_c
BK
999
_c
15898
_d
15898